000 00521nam a2200193Ia 4500
005 20250508164640.0
008 008 250505s9999 xx 000 0 hin d
037 _aTextBook
040 _aFEDL
_beng
_cFEDL
041 _ahin
_2eng
084 _a401.9, VYG/R
_qFEDL
100 _aVygotsky L S
245 0 _aVichar aur bhasha
260 _aDelhi, India
_bGranth Shilpi (India) Private Limited
_c2007
300 _a192p.
365 _aINR
_b350
942 _cTB
_h401.9, VYG/R
999 _c1390320
_d1390320